RB 63 Münster-Coesfeld - Statistiken

Allgemein
  • Dieses Quiz wurde 21 mal gespielt
  • Das Durchschnittsergebnis liegt bei 7 aus 9
Antwortstatistiken
Hinweis Station % Korrekt
8 Coesfeld (Westf)
94%
4 Havixbeck
89%
5 Billerbeck
83%
2 Münster-Mecklenbeck
83%
1 Münster (Westf) Hbf
83%
3 Münster-Roxel
72%
Nur an Werktagen Münster Zentrum Nord
72%
7 Coesfeld Schulzentrum
61%
6 Lutum
50%
Keine übereinstimmenden Quizze gefunden
Verteilung der Resultate
Anzahl Personen mit jedem Resultat
Perzentil nach korrekt beantworteten Fragen
Ihre Resultats-Entwicklung
Sie haben dieses Quiz noch nicht gespielt